Rahsia secebis nota

Bibliographic Details
Main Author: Suhairi Awang
Format: Book
Published: Kuala Lumpur : Tintaro Pub , 2007
Subjects:

MARC

LEADER 00000cam a2200000 7i4500
001 0000019855
005 20080624.0
008 080619
020 |a 9833514227 
090 0 0 |a SUH   |b MAL 
100 0 |a Suhairi Awang 
245 1 0 |a Rahsia secebis nota   |c Suhairi Awang 
260 |a Kuala Lumpur :   |b Tintaro Pub ,   |c 2007 
650 0 |a Malay fiction 
650 0 |a Novel 
999 |a 0001026809   |b Book   |c Adult Collection   |e Perbadanan Perpustakaan Awam Johor 
999 |a 0001026810   |b Book   |c Adult Collection   |e Perbadanan Perpustakaan Awam Johor 
999 |a 0001026811   |b Book   |c Adult Collection   |e Perbadanan Perpustakaan Awam Johor 
999 |a 0001026833   |b Book   |c Adult Collection   |e Perbadanan Perpustakaan Awam Johor